Evaluación eléctrica de la Facultad de Ingeniería para realizar un plan de emergencia
Kaydedildi:
| Yazar: | |
|---|---|
| Diğer Yazarlar: | |
| Materyal Türü: | Kitap |
| Dil: | Spanish |
| Baskı/Yayın Bilgisi: |
[San José , Costa Rica]
1996
|
| Etiketler: |
Etiketle
Etiket eklenmemiş, İlk siz ekleyin!
|
MARC
| LEADER | 00000nam a2200000Ia 4500 | ||
|---|---|---|---|
| 003 | 002458 | ||
| 005 | 20221231143935.0 | ||
| 008 | 140114s1996 cr a 000 ||spa d | ||
| 040 | |c cru CEDI | ||
| 082 | |a 621.31 S939e | ||
| 100 | |a Suárez Messeguer, Alejandro |9 21546 | ||
| 245 | |a Evaluación eléctrica de la Facultad de Ingeniería para realizar un plan de emergencia | ||
| 260 | |a [San José , Costa Rica] |c 1996 | ||
| 300 | |a paginación varía : 12 fotografías orginales a color | ||
| 500 | |a A la cabeza de la Portada. Trabajo Comunal Universitario. Universidad de Costa Rica. Facultad de Ingeniería. Escuela de Ingeniería Industrial | ||
| 501 | |a Supervidado por Ing. Franklin Fonseca | ||
| 700 | |9 9563 |a Quirós Salas, Christian | ||
| 942 | |2 ddc |c BK | ||
| 999 | |c 14546 |d 14546 | ||
